000 01308nam0a2200277 4500
001 RU\NLR\BIBL_A\022726622
005 20260215052759.0
010 _a978-5-7680-3089-6
_91500
035 _a(NLR Aleph) 022726622
090 _a13554531
_c13554531
100 _a20260212d2025 e y0rusy50 ca
101 0 _akrc
102 _aRU
105 _ac j 000yy
200 1 _aМалкъар адабияты
_e11 класс
_eбитеулю билим берген учреждениялагъа дерслик
_fавт. Тёппеланы А. М., Толгурланы, З. Х., Мусукаланы С. А. и др.
210 _aНальчик
_cЭльбрус
_d2025
215 _a445,[1] с.
_cпортр.
_d23
541 1 _aБалкарская литература
_e11 кл.
_eучеб. для общеобразоват. учреждений
_zrus
606 1 _aБалкарская литература
_jУчебники для средней школы
_91078751
_3RU\NLR\AUTH\66102527
686 1 _aШ5(2=Ба) я72
701 1 _aТёппеланы
_bМ. жашы А.
_f1937-2010
_gМагомедни жашы Алим
_4070
701 1 _aТолгурланы
_bЗ. Х.
_f1939-2016
_4070
701 1 _aМусукаланы
_bС. А.
_gСакинат А.
_4070
942 _cUNSPEC
980 _aNB